Statistics for The Ultimate Big Mouth Quiz

Click here to take the quiz!

General Stats

  • This quiz has been taken 672 times
  • The average score is 18 of 49

Answer Stats

QuestionAnswer% Correct
What is the name of Jay's dog?Featuring Ludacris
68%
Who does Devin get married to?Devon
67%
Which celebrity makes Andrew think he is gay?Dwayne Johnson
61%
How old does Jay like to think he is?40
59%
Who does Coach Steve lose his virginity to?Jay's mom
59%
What year did the first episode of Big Mouth air?2017
58%
What is the name of the ghost that lives in Nick's attic?Duke Ellington
57%
Who was Andrew's first kiss with?Nick
57%
What is the name of Matthew's boyfriend?Aiden
56%
What does Missy wear throughout the series?Overalls
55%
What is the name of Nick's father?Elliot Birch
53%
Who did Jessi's mom have an affair with?Cantor Dina
52%
What type of drink gets children drunk in the episode "The Head Push"?Cotton Candy Brandy
49%
What is the name of Nick's psychopathic brother?Judd Birch
49%
What food does Barbara forbid Marty to eat because it makes him sick?Scallops
49%
What is the name of Andrew's hormone monster?Maurice
47%
What is Lola's last name?Skumpy
47%
Who is Missy's celebrity crush?Nathan Fillion
45%
What is the name of Nick's second hormone monster?Tyler
45%
Who voices Maury The Hormone Monster?Nick Kroll
43%
What do people call Nick when they go to camp?Soup
42%
What line is said repeatedly by classmates to Jay?Stop quoting your dads law commercials
42%
Where does Jessi's dad lives after being kicked out of the basement?Guy Town
41%
What is Coach Steve's last name?Steve
41%
What does Nick call Maury the first time he meets him?Puberty Fairy
39%
What is the name of the book that is read in S1 Ep4 "Girls Get Horny Too"?The Rock Of Gibraltar
37%
What did Jessi and Nick get stoned on?Weed gummies
37%
What does Jay name his baby his pillow gave birth to?Scorpion
36%
What is Missy's full name?Missy Foreman-Greenwald
33%
What game does Nick invent at the school sleepover?Smooch or Share
33%
What is the name of the student that is bi?Ali
32%
In the fourth season, what is the name of the song that Devon sings?Codeswitching
31%
What is the name of the fake movie Andrew and Missy tell their parents they are seeing?Carpet Ceiling
27%
What is Devin's full name?Devin LeSeven
26%
What is the name of Andrew's cousin that he falls in love with?Cheryl
25%
What does Coach Steve think the Shame Wizard is called?Shame Lizard
25%
How did Andrew's parents meet?Car accident
24%
In the second season, who was Nick's crush?Gina Alvarez
21%
What are the names of Missy's parents?Cyrus and Monica
17%
Who is Nick's camp best friend that later betrayed him?Seth Goldberg
17%
What is the name of the pillow that Jay gets pregnant?Pam
16%
What is the name of Marty Glouberman's brother?Skip Glouberman
15%
What is the name of the 9th grader that Nick hooks up with?Tallulah Levine
15%
What does Maury think Leah and Diane's names are?Lexi and Rita
9%
Which actor voices Andrew's father Marty Glouberman?Richard Kind
9%
How did Leah's former love interest Daniel die?Brain tumor
8%
Who voices Jay's pitbull?Jordan Peele
8%
Who voices Matthew's boyfriend Aiden?Zachary Quinto
8%
What is the name of Jay's mom?Jenna Bilzerian
7%

Score Distribution

Percentile by Number Answered

Percent of People with Each Score

Your Score History

You have not taken this quiz